Movies Quiz

Random Movies or Letter Quiz

One Word 'G' Movies Quiz Stats

 Plays Quiz Updated Apr 25, 2016

Challenge
Share
Tweet
Score 0/20 Timer 06:00
3 Plays Today
% Correct
Ghostbusters
98.8%
Gladiator
97.6%
Godzilla
96.5%
Garfield
96%
Grease
95.4%
Gremlins
92%
Ghost
90.2%
Gandhi
88.3%
Gravity
81.6%
Goodfellas
80.3%
% Correct
Goldfinger
73.1%
Gigli
51.7%
Glory
49.1%
Gettysburg
44.4%
Gattaca
34.4%
Goon
32.5%
Gothika
31%
Gallipoli
20%
Gamer
15.8%
Giant
13.3%

You're not logged in!

Compare scores with friends on all Sporcle quizzes.
Join for Free
OR
Log In

You Might Also Like...

Show Comments

Extras

Top Quizzes Today


Score Distribution

Your Account Isn't Verified!

In order to create a playlist on Sporcle, you need to verify the email address you used during registration. Go to your Sporcle Settings to finish the process.

Report this User

Report this user for behavior that violates our Community Guidelines.

Details: